000
00276nam a2200109Ia 4500
001
1276708
005
20260417160452.0
008
260417s9999 xx 000 0 und d
020
_a
9786052851524
245
0
_a
Mekanik Prens
_c
Andreas Steinhöfel
260
_b
Tudem Yayınları
999
_c
1276708
_d
1276708